Compendio della storia Veneta (Record no. 162770)

MARC details
000 -LEADER
campo de control de longitud fija 00908nam a2200205 i 4500
001 - NÚMERO DE CONTROL
campo de control 162770
003 - IDENTIFICADOR DE NÚMERO DE CONTROL
campo de control ES-MaACL
005 - FECHA Y HORA DE LA ÚLTIMA TRANSACCIÓN
campo de control 20230906212611.0
008 - DATOS DE LONGITUD FIJA--INFORMACIÓN GENERAL
campo de control de longitud fija 050627s1842 it af |||| | ita d
100 1# - ENTRADA PRINCIPAL--NOMBRE DE PERSONA
Nombre de persona Quadri, Antonio.
9 (RLIN) 131505
245 10 - MENCIÓN DEL TÍTULO
Título Compendio della storia Veneta
Resto del título : diviso in otto epoche dalla origine di Venezia nell'anno 421, sino alla caduta della Repubblica, nell'anno 1797 /
Mención de responsabilidad, etc. di A. Quadri.
250 ## - MENCION DE EDICION
Mención de edición 4ª ed. dell'opera e 3ª italiana
Resto de la mención de edición con aggriunte e note.
260 ## - PUBLICACIÓN, DISTRIBUCIÓN, ETC.
Lugar de publicación, distribución, etc. Venezia :
Nombre del editor, distribuidor, etc. [s.n.],
Fecha de publicación, distribución, etc. 1842 (
Fabricante Tip. armena di S. Lazzaro)
300 ## - DESCRIPCIÓN FÍSICA
Extensión 477 p., [10] h. de lám. :
Otras características físicas il. ;
Dimensiones 16 cm.
594 ## - Nota al título y mención de responsabilidad
Nota al título y mención de responsabilidad Tit. en antep.: Otto giorni a Venezia / di Antonio Quadri; parte seconda.
599 ## - NOTA A LAS ILUSTRACIONES
NOTA A LAS ILUSTRACIONES Las h. de lám. constan delante de la port.
599 ## - NOTA A LAS ILUSTRACIONES
NOTA A LAS ILUSTRACIONES Las h. de grab. calc., trajes de venecianos.
651 #4 - PUNTO DE ACCESO ADICIONAL DE MATERIA--NOMBRE GEOGRÁFICO
Nombre geográfico Venecia-
Subdivisión general Historia.
9 (RLIN) 9515
852 ## - LOCALIZACIÓN
Ubicación ES-MaACL
Número de control de estantería G-9926
Nota libre - Enc. pasta
Holdings
Estatus retirado Estado de pérdida Estado de daño No para préstamo Colección Biblioteca de origen Biblioteca actual Ubicación en estantería Fecha de adquisición Fuente de adquisición Total de préstamos Signatura topográfica completa Código de barras Visto por última vez Precio de reemplazo Tipo de ítem Koha
        Libros del s. XIX Biblioteca del Ateneo de Madrid Biblioteca del Ateneo de Madrid Sala Pecera Planta 3 17/01/2008     G-9926 1170539 23/02/2023 23/02/2023 Libro impreso antiguo